000 00589nam a2200169 a 4500
008 120416s1991 ||||||||||||||||| || u
020 _a052139922X
050 _aQA 825 Lad
100 _aLadyzhenskaya, Olga
245 1 0 _aAttractors for semigroups and evolution equations
260 _aCambridge
_bC.U.P
_c1991
300 _axi, 73p. : ill.
350 _a0.00
650 _aEVOLUTION EQUATIONS
650 _aSemigroups of operators
995 _D0.00
_FCBU-MAIN LIBRARY (Kitwe)
_H1
_I8.50
_UAVAILABLE
_ZAnnex Low-Usage Collection
999 _c35274
_d35274